[Event "Memorial Armando Rizzoni"]
[Site "Campinas"]
[Date "2009.05.12"]
[Round "11"]
[White "Fier, Alexandr"]
[Black "Chauca Murgas, Jose Luis"]
[Result "1-0"]
[WhiteElo "2595"]
[BlackElo "2098"]
[PlyCount "114"]
[EventDate "2009.05.13"]
[SourceDate "2009.05.04"]

1. d4 Nf6 2. c4 e6 3. Nf3 d5 4. Nc3 Be7 5. Bf4 O-O 6. e3 c6 7. h3 Nbd7 8. c5
Re8 9. Be2 Nf8 10. O-O N6d7 11. b4 Bf6 12. Ne5 Ng6 13. Nxg6 hxg6 14. e4 Be7 15.
e5 f5 16. exf6 gxf6 17. Bd3 f5 18. Be3 Kg7 19. f4 Rh8 20. b5 Nf6 21. bxc6 bxc6
22. Qa4 Qc7 23. Rab1 Ne4 24. Nxe4 fxe4 25. Be2 Bh4 26. Rb3 Rf8 27. Bd2 Bf6 28.
g3 Rh8 29. h4 Bd8 30. Rfb1 Rf8 31. Kg2 Qd7 32. Bg4 Bc7 33. Ba5 Rf7 34. Bxc7
Qxc7 35. Be2 Qd7 36. Rh1 e5 37. dxe5 d4 38. Rb4 d3 39. Bd1 Qd5 40. Bb3 Qxc5 41.
Rxe4 Bf5 42. Bxf7 Qc2+ 43. Kf3 Bxe4+ 44. Qxe4 Kxf7 45. Kg4 Qxa2 46. Qxc6 Qe6+
47. Qxe6+ Kxe6 48. Kf3 a5 49. Ke3 a4 50. Kxd3 a3 51. Kc3 Kf5 52. h5 a2 53. Kb2
a1=Q+ 54. Rxa1 Rb8+ 55. Kc3 gxh5 56. Ra6 Rg8 57. Kd4 Kg4 1-0

[Event "Memorial Armando Rizzoni"]
[Site "Campinas"]
[Date "2009.05.12"]
[Round "11"]
[White "Leitao, Rafael"]
[Black "Rodriguez, Andres"]
[Result "1/2-1/2"]
[WhiteElo "2590"]
[BlackElo "2524"]
[PlyCount "46"]
[EventDate "2009.05.13"]
[SourceDate "2009.05.04"]

1. d4 Nf6 2. c4 e6 3. Nc3 Bb4 4. Qc2 O-O 5. a3 Bxc3+ 6. Qxc3 b6 7. Bg5 Bb7 8.
f3 h6 9. Bh4 d5 10. e3 Nbd7 11. cxd5 Nxd5 12. Bxd8 Nxc3 13. Bh4 Nd5 14. Bf2 c5
15. e4 Ne7 16. Bb5 Bc6 17. Bxc6 Nxc6 18. Ne2 cxd4 19. Nxd4 Nxd4 20. Bxd4 Rac8
21. Rd1 f6 22. Ke2 e5 23. Bc3 Nc5 1/2-1/2

[Event "Memorial Armando Rizzoni"]
[Site "Campinas"]
[Date "2009.05.13"]
[Round "12"]
[White "Chauca Murgas, Jose Luis"]
[Black "Leitao, Rafael"]
[Result "0-1"]
[WhiteElo "2098"]
[BlackElo "2590"]
[PlyCount "52"]
[EventDate "2009.05.13"]
[SourceDate "2009.05.04"]

1. e4 d6 2. d4 Nf6 3. Nc3 g6 4. f4 Bg7 5. Nf3 O-O 6. Be2 c5 7. e5 Nfd7 8. exd6
exd6 9. d5 Nf6 10. O-O Na6 11. Nb5 Nc7 12. Nxc7 Qxc7 13. c4 Re8 14. a4 Ne4 15.
Bd3 Bg4 16. Qc2 f5 17. Ra3 Bxf3 18. Rxf3 Bd4+ 19. Kf1 Qg7 20. Rb3 Re7 21. Bd2
Rae8 22. Bxe4 Rxe4 23. Rb5 Qe7 24. Qd1 Re2 25. h3 Qe4 26. Rbb3 Rxd2 0-1

[Event "Memorial Armando Rizzoni"]
[Site "Campinas"]
[Date "2009.05.13"]
[Round "12"]
[White "Oliveira, Silvio Eduardo"]
[Black "Barreto Filho, Carlos Alberto"]
[Result "1/2-1/2"]
[WhiteElo "2260"]
[BlackElo "2273"]
[PlyCount "24"]
[EventDate "2009.05.13"]
[SourceDate "2009.05.04"]

1. e4 d6 2. d4 g6 3. Nc3 Nf6 4. f4 Bg7 5. Nf3 c5 6. Bb5+ Bd7 7. e5 Ng4 8. e6
fxe6 9. Ng5 Bxd4 10. Nxe6 Bxb5 11. Nxd8 Bf2+ 12. Kd2 Be3+ 1/2-1/2

[Event "Memorial Armando Rizzoni"]
[Site "Campinas"]
[Date "2009.05.13"]
[Round "12"]
[White "Saldano Dayer, Horacio"]
[Black "Name, Gabriel Ricardo S"]
[Result "1/2-1/2"]
[WhiteElo "2449"]
[BlackElo "2239"]
[PlyCount "47"]
[EventDate "2009.05.13"]
[SourceDate "2009.05.04"]

1. c4 Nf6 2. Nc3 b6 3. d4 Bb7 4. d5 e6 5. a3 exd5 6. cxd5 Bd6 7. g3 O-O 8. Bg2
Re8 9. Nh3 Na6 10. O-O c6 11. Bf4 Bxf4 12. Nxf4 Rc8 13. b4 h6 14. e3 Nc7 15. h4
Nb5 16. Nfe2 Nd6 17. Qd3 c5 18. b5 Qe7 19. a4 Ng4 20. Qd1 g5 21. hxg5 hxg5 22.
e4 f5 23. Re1 fxe4 24. Nf4 1/2-1/2

[Event "Memorial Armando Rizzoni"]
[Site "Campinas"]
[Date "2009.05.13"]
[Round "12"]
[White "De Nucci, Gilberto"]
[Black "Santos, Marcus Vinicius M"]
[Result "0-1"]
[WhiteElo "2060"]
[BlackElo "2399"]
[PlyCount "56"]
[EventDate "2009.05.13"]
[SourceDate "2009.05.04"]

1. e4 e5 2. Nf3 Nc6 3. Bb5 f5 4. d3 Nf6 5. Nc3 Bb4 6. Bg5 h6 7. Bd2 fxe4 8.
Nxe4 Bxd2+ 9. Qxd2 d6 10. h3 O-O 11. O-O-O Be6 12. Qc3 Nd5 13. Qd2 Nf4 14. d4
Bd5 15. Bxc6 Bxc6 16. d5 Bxd5 17. Nc3 Bc6 18. Ne1 Nxg2 19. Nxg2 Bxg2 20. Rhg1
Bf3 21. Qxh6 Qf6 22. Rg6 Bxd1 23. Nd5 Qf7 24. Qg5 Rae8 25. Nf6+ Qxf6 26. Rxf6
Rxf6 27. Kxd1 Rxf2 28. Qe3 Rf7 0-1

[Event "Memorial Armando Rizzoni"]
[Site "Campinas"]
[Date "2009.05.13"]
[Round "12"]
[White "El Debs, Felipe de Cresce"]
[Black "Fusco, Leonardo"]
[Result "1/2-1/2"]
[WhiteElo "2465"]
[BlackElo "2405"]
[PlyCount "91"]
[EventDate "2009.05.13"]
[SourceDate "2009.05.04"]

1. Nf3 Nf6 2. c4 g6 3. Nc3 d5 4. cxd5 Nxd5 5. e4 Nxc3 6. bxc3 Bg7 7. d4 c5 8.
Rb1 O-O 9. Be2 Nc6 10. d5 Ne5 11. Nxe5 Bxe5 12. Qd2 e6 13. f4 Bc7 14. O-O exd5
15. exd5 Ba5 16. d6 Rb8 17. Ba3 Bf5 18. Rbd1 Rc8 19. Bf3 b5 20. Rfe1 b4 21. Bb2
bxc3 22. Bxc3 Bxc3 23. Qxc3 Re8 24. Bb7 Rb8 25. d7 Rxe1+ 26. Qxe1 c4 27. Bc8
Rxc8 28. dxc8=Q Qxc8 29. Rd4 Be6 30. Qa5 Kg7 31. Rd8 Qc6 32. Qe5+ Kh6 33. Rd6
Qc8 34. Qe3 Kg7 35. h3 c3 36. Rd3 c2 37. Rc3 Qd7 38. Kh2 f5 39. Qe5+ Kg8 40.
Rc7 Qd8 41. g4 c1=Q 42. Rxc1 Qd2+ 43. Kg3 Qxc1 44. gxf5 Qg1+ 45. Kf3 Qd1+ 46.
Kg3 1/2-1/2

[Event "Memorial Armando Rizzoni"]
[Site "Campinas"]
[Date "2009.05.14"]
[Round "13"]
[White "Santos, Marcus Vinicius M"]
[Black "El Debs, Felipe de Cresce"]
[Result "1/2-1/2"]
[WhiteElo "2399"]
[BlackElo "2465"]
[PlyCount "123"]
[EventDate "2009.05.13"]
[SourceDate "2009.05.04"]

1. Nf3 Nf6 2. c4 c6 3. Nc3 d5 4. d4 dxc4 5. a4 Bf5 6. Nh4 Bd7 7. g3 e6 8. Bg2
Na6 9. O-O Be7 10. Nf3 c5 11. Ne5 cxd4 12. Qxd4 Nc5 13. Qxc4 Rc8 14. Qa2 Qa5
15. Bd2 Qc7 16. Nxd7 Ncxd7 17. Nb5 Qb8 18. Bf4 e5 19. Bg5 O-O 20. Bh3 Rcd8 21.
Rac1 a6 22. Nc3 h6 23. Bd2 Nb6 24. Rfd1 Nbd5 25. Nxd5 Rxd5 26. Bg2 Rd6 27. Bc3
Rxd1+ 28. Rxd1 Rd8 29. Rxd8+ Bxd8 30. a5 b6 31. axb6 Qxb6 32. Qc4 Qd6 33. h3
Bb6 34. e3 a5 35. Qc8+ Kh7 36. Qf5+ Kg8 37. Qxe5 Qxe5 38. Bxe5 Nd7 39. Bc3 Nc5
40. Bc6 f6 41. Kg2 Kf7 42. f4 Nd3 43. Kf3 Bc5 44. g4 Bb4 45. Bd4 Bc5 46. Bc3
Bb4 47. Ke2 Bxc3 48. bxc3 Nc5 49. Bd5+ Ke7 50. Kd2 Kd6 51. Bf3 g5 52. Kc2 Ne6
53. fxg5 hxg5 54. Kd3 Kc5 55. Bd1 Nc7 56. Ba4 Nb5 57. Bc2 Nd6 58. Bb3 Nb5 59.
Ba4 Nd6 60. Bb3 Nb5 61. Ke4 Nd6+ 62. Kd3 1/2-1/2

[Event "Memorial Armando Rizzoni"]
[Site "Campinas"]
[Date "2009.05.14"]
[Round "13"]
[White "Barreto Filho, Carlos Alberto"]
[Black "Saldano Dayer, Horacio"]
[Result "0-1"]
[WhiteElo "2273"]
[BlackElo "2449"]
[PlyCount "48"]
[EventDate "2009.05.13"]
[SourceDate "2009.05.04"]

1. e4 c5 2. Nf3 e6 3. d4 cxd4 4. Nxd4 a6 5. Nc3 Qc7 6. Be3 Nf6 7. Bd3 Bb4 8.
Nde2 O-O 9. a3 Be7 10. O-O b5 11. Ng3 Bb7 12. f4 d6 13. Nh5 Nbd7 14. Nxf6+ Bxf6
15. Qh5 Bxc3 16. bxc3 Nf6 17. Qh4 Bxe4 18. Bd4 Bxd3 19. Bxf6 Bg6 20. f5 gxf6
21. fxg6 fxg6 22. Rxf6 Qxc3 23. Raf1 Rxf6 24. Rxf6 Qe3+ 0-1

[Event "Memorial Armando Rizzoni"]
[Site "Campinas"]
[Date "2009.05.14"]
[Round "13"]
[White "Fier, Alexandr"]
[Black "Oliveira, Silvio Eduardo"]
[Result "1-0"]
[WhiteElo "2595"]
[BlackElo "2360"]
[PlyCount "123"]
[EventDate "2009.05.13"]
[SourceDate "2009.05.04"]

1. d4 d5 2. c4 dxc4 3. e4 c5 4. d5 Nf6 5. Nc3 b5 6. Bf4 Ba6 7. e5 b4 8. exf6
bxc3 9. bxc3 gxf6 10. Rb1 Bg7 11. Qg4 Qxd5 12. Bxb8 O-O 13. Bc7 Qc6 14. Bg3 f5
15. Qf3 Qa4 16. Be2 Qc2 17. Rd1 Rad8 18. Bf4 Rxd1+ 19. Bxd1 Bxc3+ 20. Kf1 Qb1
21. Bh6 Bg7 22. Bxg7 c3+ 23. Ke1 c2 24. Bh6 cxd1=R+ 25. Qxd1 Qe4+ 26. Ne2 Rb8
27. Bc1 Bxe2 28. Qxe2 Qxg2 29. Rf1 Rb1 30. Qc2 Ra1 31. Ke2 f4 32. Rd1 Qg4+ 33.
f3 Qg2+ 34. Kd3 Rxa2 35. Qxg2+ Rxg2 36. Bxf4 f6 37. Ra1 Kf7 38. Rxa7 Ke6 39.
Rc7 Rf2 40. Ke3 Rc2 41. h4 Rc3+ 42. Kf2 c4 43. Rc5 Kf7 44. h5 Rc2+ 45. Kg3 c3
46. Be3 Ke6 47. Bd4 Rd2 48. Bxc3 Rc2 49. Bd4 Rd2 50. Be3 Rd1 51. Rc7 Rh1 52.
Kg4 f5+ 53. Kg5 Rh3 54. Bc5 Rg3+ 55. Kf4 Rh3 56. Rxe7+ Kf6 57. Rxh7 Rh4+ 58.
Kg3 Rh1 59. Bd4+ Ke6 60. h6 Kd5 61. Rd7+ Ke6 62. Ra7 1-0

[Event "Memorial Armando Rizzoni"]
[Site "Campinas"]
[Date "2009.05.14"]
[Round "13"]
[White "Rodriguez, Andres"]
[Black "Chauca Murgas, Jose Luis"]
[Result "1-0"]
[WhiteElo "2524"]
[BlackElo "2098"]
[PlyCount "75"]
[EventDate "2009.05.13"]
[SourceDate "2009.05.04"]

1. f4 Nf6 2. g3 g6 3. Bg2 d5 4. Nf3 Bg7 5. O-O O-O 6. d3 c5 7. Nc3 b6 8. e4 e6
9. Qe1 Bb7 10. e5 Nfd7 11. Nb5 Na6 12. Nd6 Bc6 13. d4 Nc7 14. Be3 Nb5 15. Nxb5
Bxb5 16. Rf2 a5 17. Rd1 c4 18. g4 f6 19. f5 fxe5 20. fxe6 e4 21. Ng5 Nf6 22. h3
Qe7 23. Bf4 h6 24. Nf7 g5 25. Bd6 Qxe6 26. Bxf8 Bxf8 27. Ne5 Bd6 28. Rf5 Ra7
29. Qe3 Rg7 30. b3 Bxe5 31. dxe5 Nh5 32. Bxe4 dxe4 33. Rd6 Qc8 34. Qxb6 Bd7 35.
e6 Ng3 36. exd7 Rxd7 37. Rxd7 Qxd7 38. Qg6+ 1-0